Drought in rubber (Hevea brasiliensis) plantations in Tripura (Record no. 57376)

MARC details
000 -LEADER
fixed length control field 00434nam a2200157Ia 4500
100 ## - MAIN ENTRY--AUTHOR NAME
Personal name Saseendran S A
245 #0 - TITLE STATEMENT
Title Drought in rubber (Hevea brasiliensis) plantations in Tripura
260 ## - PUBLICATION, DISTRIBUTION, ETC. (IMPRINT)
Name of publisher Plant Physiology and Biochemistry
Year of publication 1993
300 ## - PHYSICAL DESCRIPTION
Number of Pages 41-44
700 ## - ADDED ENTRY--PERSONAL NAME
Personal name Krishnakumar A K
700 ## - ADDED ENTRY--PERSONAL NAME
Personal name Potty S N
700 ## - ADDED ENTRY--PERSONAL NAME
Personal name Sethuraj M R
700 ## - ADDED ENTRY--PERSONAL NAME
Personal name Vijayakumar K R
942 ## - ADDED ENTRY ELEMENTS (KOHA)
Koha item type Journals
Holdings
Withdrawn status Lost status Damaged status Not for loan Home library Current library Shelving location Date acquired Serial Enumeration / chronology Koha item type
      Journals RRII Library RRII Library Physiology 17/12/2021 Volume 20, Issue 1 Journals